00332 a2200109 450000500170000002000210001708200140003811100090005224500830006126000440014430000340018820250415092229.0 a9781 4727 2746 6 a657.3 ACC aACCA aPaper P3: Business Analysis for Exams From 1 September 2015 to 31 August 2016. aLondon,bBPP Learning Media LTD,c2015. axx, 450p.: ill.; figurec29cm